000 00525nam a2200181Ia 4500
008 240729s9999 xx 000 0 und d
022 _a2055-0936
245 0 _aTropical Diseases, Travel Medicine and Vaccines
260 _aUnited Kingdom
260 _bBMC
650 _a Arctic medicine. Tropical medicine
650 _a Internal medicine
650 _a Special situations and conditions
650 _aMedicine
856 _uhttps://doaj.org/toc/f03ed62edae04992b0b092d9ff99f030
942 _2ddc
942 _cDOAJEJ
999 _c74103
_d74103
945 _a1
_bMadushi Gamage
_c1
_dMadushi Gamage